000 00968nas a2200301 4500
001 BR0302881
003 BR-BrBNA
005 20231205103848.0
007 ta
008 230509b bl.|||p| |||| 00| 00por d
040 _aBR-BrBNA
_bpor
_cBiblioteca Nacional de Agricultura
041 _a(Pt)
072 _aJ11; H10
100 1 _aPauli, F.F.
100 1 _aOpazo, M.A.U.
100 1 _aNóbrega, L.H.P.
245 1 _aEstudo dos efeitos de plantas repelentes a insetos na qualidade fisiológica de sementes de milho armazenadas em espiga através de uma análise estatística longitudinal
650 _aMILHO
650 _aSEMENTE
650 _aGRÃO
650 _aARMAZENAMENTO
650 _aREPELENTE
650 _aINSETO
650 _aQUALIDADE
773 0 _tRevista Brasileira de Produtos Agroindustriais (Brazil)
_xISSN 1517-8595
_g(Jul-Dec 2002), v. 4(2) p. 167-174
_wBR0302881
909 _a202311
_bLúcia
_c55
_dLúcia Elande
942 _2AGRIS
_n0
_cANA
999 _c175130
_d175130